000 00295nam a22001337a 4500
008 171004b xxu||||| |||| 00| 0 eng d
020 _a9780195116458
041 _aeng
080 _a159.9
100 _a159.9
101 _aPSI
245 _aCLASSICS PSILOSOPHY
_cPOJMAN.L.P
942 _2udc
_cBK
999 _c31604
_d31604